00688nam a2200181 450000500170000004100080001708200190002510000150004424500970005926000330015630000520018965000370024165000490027865000410032794200070036895201120037599900190048720260227133407.0 aeng a322.40973bEDM aEdmund, T. aMartin Luther KingbAnd the Black Americans' Protest Movement in the U.S.A. / cby T. Edmund aDelhi,bNew Heights,c[1976] axii, 278p., [1] leaves of plates :cill. ; 23cm aAfrican AmericansxCivil Rights. aAfrican AmericansxPoilitics and Government. aBlack PowerxUnited States, History. cBK 001040708ICSSRaNEHUbNEHUcGENd1979-03-01l0o322.40973 EDMpIC89r2026-02-27 13:35:02w2026-02-27yBK c184500d184499